00449nam a22001577a 450000500170000000800410001702000180005804100130007608200140008910000130010324500390011625000190015526000480017430000440022265000250026620231031093504.0231031b |||||||| |||| 00| 0 eng d a9780409059656 aEnglish  a346.7 COM lEnglish  aCommercial Law /cCJ Nagel et al.  aThird Edition  aDurban : bLexisNexis Butterworths, c2006  bviii, 614 pages ; c25 cm. e3 Editions alegal practice bLaw